| 000 | 00648nac a22001937a 4500 | ||
|---|---|---|---|
| 005 | 20251108175525.0 | ||
| 008 | 250721s2017 xx 000 0 ara d | ||
| 082 | 1 | 4 | _a701.17/قصا |
| 100 | 1 | _aالقصاب، سعد | |
| 245 | 1 | 0 | _aالسريع و العابر و المتشظي : مقاربات نقدية في الجمالية المعاصرة / |
| 264 | 1 |
_aالشارقة : _bدائرة الثقافة و الاعلام، _c2017. |
|
| 300 | _a204 ص. | ||
| 650 | 1 | 7 | _aالفنون |
| 650 | 1 | 7 | _aعلم الجمال |
| 650 | 1 | 7 | _aالنقد الادبي |
| 653 | _aالأسس الجمالية | ||
| 942 |
_2ddc _cCOL |
||
| 999 |
_c136119 _d136119 |
||